ចៅល្ងង់ : (Record no. 8111)

MARC details
000 -LEADER
fixed length control field 02683nam a22002897a 4500
001 - CONTROL NUMBER
control field 8111
003 - CONTROL NUMBER IDENTIFIER
control field FISKH
005 - DATE AND TIME OF LATEST TRANSACTION
control field 20250909115145.0
008 - FIXED-LENGTH DATA ELEMENTS--GENERAL INFORMATION
fixed length control field 250825b cb ||||| |||| 00| 0 eng d
020 ## - INTERNATIONAL STANDARD BOOK NUMBER
International Standard Book Number 9789996301643
040 ## - CATALOGING SOURCE
Original cataloging agency FISKH
Language of cataloging khr
Transcribing agency FISKH
Modifying agency FISKH
050 ## - LIBRARY OF CONGRESS CALL NUMBER
Classification number PZ7
100 ## - MAIN ENTRY--PERSONAL NAME
Personal name Dawn, Dim
245 ## - TITLE STATEMENT
Title ចៅល្ងង់ :
Remainder of title Stupid man /
Statement of responsibility, etc. និពន្ធដោយលោក ឌឹម​ ដន , កែសម្រួលដោយ អ្នកស្រី គឹមស៊ុន សុធារី , លោក ធី ចាន់ថន និងកញ្ញា ហេង ចរិយា
260 ## - PUBLICATION, DISTRIBUTION, ETC.
Place of publication, distribution, etc. ភ្នំពេញ :
Name of publisher, distributor, etc. Reading Books ,
Date of publication, distribution, etc. 2012.
300 ## - PHYSICAL DESCRIPTION
Extent 20 pages :
Other physical details color illustrations ;
Dimensions 25 cm .
505 ## - FORMATTED CONTENTS NOTE
Formatted contents note Q <br/>
520 ## - SUMMARY, ETC.
Summary, etc. រឿង "បុរសល្ងង់" មានគោលបំណងអប់រំយុវជន និងកុមារ ឲ្យមានទម្លាប់ខិតខំព្យាយាមក្នុងការសិក្សា មានការប្រឈមប្រជែង និងការខិតខំឧស្សាហ៍ប្រឹងប្រែង ព្រមទាំងការយល់ដឹងអំពីបញ្ហាផ្សេងៗ ចាប់ពីវ័យក្មេងរហូតដល់វ័យពេញវ័យ ដោយមិនខ្ជិល។ បន្ថែមពីនេះ ទាំងការប្រឈមប្រជែង និងការខិតខំប្រឹងប្រែង គឺមានតួនាទីសំខាន់សម្រាប់អនាគត មិនថាអ្នកប្រើប្រាស់កម្លាំងរាងកាយឬប្រាជ្ញាចរិត យ៉ាងណាក៏ដោយ អ្នកនឹងទទួលបានជោគជ័យជាក់លាក់មួយណាមួយនៅថ្ងៃក្រោយជានិច្ច។
520 ## - SUMMARY, ETC.
Summary, etc. The story " Stupid Man " aims at educating youth and childdren to have a habit of working hard for their study, having struggle and endeavor , and understanding other matters from their childhood until their adulthood without getting lazy. Moreover, struggle and endavor play crucial roles for the future, no matter how you use your physical strength or your intelligence you will obtain a particular good achievement someday .
521 8# - TARGET AUDIENCE NOTE
Target audience note 660 <br/>
Source Lexile estimate <br/>
521 8# - TARGET AUDIENCE NOTE
Target audience note Q <br/>
Source Raz-Plus <br/>
650 ## - SUBJECT ADDED ENTRY--TOPICAL TERM
Topical term or geographic name entry element ចៅល្ងង់
Form subdivision រឿងនិទានកុមារ
650 ## - SUBJECT ADDED ENTRY--TOPICAL TERM
Topical term or geographic name entry element Stupid man
Form subdivision Children's stories
700 ## - ADDED ENTRY--PERSONAL NAME
Personal name Saren, Koam
Relator term Illustrator
942 ## - ADDED ENTRY ELEMENTS (KOHA)
Source of classification or shelving scheme Dewey Decimal Classification
Koha item type Khmer Books
Suppress in OPAC No
Holdings
Withdrawn status Lost status Source of classification or shelving scheme Damaged status Not for loan Collection Home library Current library Shelving location Date acquired Total Checkouts Full call number Barcode Date last seen Price effective from Koha item type
    Dewey Decimal Classification     Khmer-English Bilingual / ភាសាខ្មែរ-អង់គ្លេស Footprints International School Library Network Toul Tom Poung Campus Footprints International School Library Network Toul Tom Poung Campus TTP Primary Khmer Bookshelves 08/25/2025   DAW PZ7 FIS04077 08/25/2025 08/25/2025 Khmer Books